000 00351nam a2200145Ia 4500
008 221201s9999 xx 000 0 und d
020 _a9781859469422
041 _aeng
082 _a720.95
100 _aMills G Ed.
_9106013
245 _aPeter Cook: Lives In Architecture.
260 _bRIBA Publishing.
_c2021
300 _a162
906 _b2071.68
999 _c83577
_d83577